6 +1 traits of writing : (Record no. 5714)
[ view plain ]
| 000 -LEADER | |
|---|---|
| fixed length control field | 00988nam a22002297a 4500 |
| 001 - CONTROL NUMBER | |
| control field | 5714 |
| 003 - CONTROL NUMBER IDENTIFIER | |
| control field | FISKH |
| 005 - DATE AND TIME OF LATEST TRANSACTION | |
| control field | 20250115161012.0 |
| 008 - FIXED-LENGTH DATA ELEMENTS--GENERAL INFORMATION | |
| fixed length control field | 250115b cb ||||| |||| 00| 0 eng d |
| 020 ## - INTERNATIONAL STANDARD BOOK NUMBER | |
| International Standard Book Number | 0439280389 |
| 040 ## - CATALOGING SOURCE | |
| Original cataloging agency | FISKH |
| Language of cataloging | eng |
| Transcribing agency | FISKH |
| Modifying agency | FISKH |
| 050 ## - LIBRARY OF CONGRESS CALL NUMBER | |
| Classification number | LB1576.C846 |
| 082 ## - DEWEY DECIMAL CLASSIFICATION NUMBER | |
| Classification number | 372.623 |
| 100 ## - MAIN ENTRY--PERSONAL NAME | |
| Personal name | Culham, Ruth |
| 245 ## - TITLE STATEMENT | |
| Title | 6 +1 traits of writing : |
| Remainder of title | the complete guide, Grades 3 and up / |
| Statement of responsibility, etc. | by Ruth Culham : Foreword by Beverly Ann Chin |
| 260 ## - PUBLICATION, DISTRIBUTION, ETC. | |
| Place of publication, distribution, etc. | New York : |
| Name of publisher, distributor, etc. | Scholastic ; |
| Date of publication, distribution, etc. | 2003. |
| 300 ## - PHYSICAL DESCRIPTION | |
| Extent | 304 pages : |
| Other physical details | illustrations ; |
| Dimensions | 24 cm . |
| 520 ## - SUMMARY, ETC. | |
| Summary, etc. | Describes six traits of good writing in any genre, including ideas, organizations, voice, word choice, sentence fluency, conventions, and presentation, and offers advice for teachers on how to assess student writing using the 6 + 1 TRAIT model. Includes scoring guides, sample student papers, and focus lessons and activities. |
| 700 ## - ADDED ENTRY--PERSONAL NAME | |
| Personal name | Clegg, Dave |
| Relator term | illustrator |
| 942 ## - ADDED ENTRY ELEMENTS (KOHA) | |
| Source of classification or shelving scheme | Dewey Decimal Classification |
| Koha item type | Books |
| Suppress in OPAC | No |
| Withdrawn status | Lost status | Source of classification or shelving scheme | Damaged status | Not for loan | Collection | Home library | Current library | Shelving location | Date acquired | Total Checkouts | Full call number | Barcode | Date last seen | Price effective from | Koha item type |
|---|---|---|---|---|---|---|---|---|---|---|---|---|---|---|---|
| Dewey Decimal Classification | Non-Fiction | Footprints International School Library Network Toul Kork Campus | Footprints International School Library Network Toul Kork Campus | TTP Secondary Non-Fiction Bookshelves | 01/15/2025 | CUL 372.623 LB1576.C846 | FISSE03073 | 01/15/2025 | 01/15/2025 | Books |
